Communication Systems Analog and Digital (Record no. 5114)

MARC details
000 -LEADER
fixed length control field 00366nam a2200157Ia 4500
003 - CONTROL NUMBER IDENTIFIER
control field OSt
008 - FIXED-LENGTH DATA ELEMENTS--GENERAL INFORMATION
fixed length control field 191201s2011 xx 000 0 und d
082 ## - DEWEY DECIMAL CLASSIFICATION NUMBER
Classification number 621.3811
Item number SIC
100 ## - MAIN ENTRY--PERSONAL NAME
Personal name SINGH,R.P.
245 #0 - TITLE STATEMENT
Title Communication Systems Analog and Digital
250 ## - EDITION STATEMENT
Edition statement Rep
260 ## - PUBLICATION, DISTRIBUTION, ETC. (IMPRINT)
Place of publication, distribution, etc New Delhi
Name of publisher, distributor, etc TMH
Date of publication, distribution, etc 2011
300 ## - PHYSICAL DESCRIPTION
Extent 584
650 ## - SUBJECT ADDED ENTRY--TOPICAL TERM
Topical term or geographic name as entry element M.Tech (ECE)
942 ## - ADDED ENTRY ELEMENTS (KOHA)
Source of classification or shelving scheme Dewey Decimal Classification
Koha item type Text Books
Holdings
Withdrawn status Lost status Source of classification or shelving scheme Damaged status Not for loan Collection code Home library Current library Date acquired Source of acquisition Cost, normal purchase price Bill Number Total Checkouts Full call number Acc. no. / Barcode Checked out Date last seen Date last borrowed Bill Date Koha item type Public note
    Dewey Decimal Classification     B.Tech(ECE) PIET C-LIBRARY PIET C-LIBRARY 28/11/2011 Valley Book House 350.00 259 1 621.3811 SIC 18720 20/07/2022 21/01/2022 21/01/2022 19/11/2011 Text Books .
    Dewey Decimal Classification     B.Tech(ECE) PIET C-LIBRARY PIET C-LIBRARY 28/11/2011 Valley Book House 350.00 259 3 621.3811 SIC 18721   27/12/2021 14/12/2021 19/11/2011 Text Books  
    Dewey Decimal Classification     B.Tech(ECE) PIET C-LIBRARY PIET C-LIBRARY 28/11/2011 Valley Book House 350.00 259 5 621.3811 SIC 18722 18/03/2024 20/09/2023 20/09/2023 19/11/2011 Text Books  
    Dewey Decimal Classification     B.Tech(ECE) PIET C-LIBRARY PIET C-LIBRARY 28/11/2011 Valley Book House 350.00 259 14 621.3811 SIC 18723   27/04/2026 14/04/2026 19/11/2011 Text Books  
    Dewey Decimal Classification     B.Tech(ECE) PIET C-LIBRARY PIET C-LIBRARY 28/11/2011 Valley Book House 350.00 259 10 621.3811 SIC 18724   27/04/2026 14/04/2026 19/11/2011 Text Books  

Design & Developed by: PIET Central Library
R70 Miles Stone Pattikalyana Samalkha Panipat 132102
mail ID :- [email protected], Phone No:- 0180-2569700 Ex.216